[Event "XXVII C.to Italiano a squadre A2"]
[Site "ITA"]
[Date "1995.??.??"]
[Round "?"]
[White "Paganelli, Roberto"]
[Black "Gorelli Fagiolini, Marco"]
[Result "1/2-1/2"]
[WhiteElo "1912"]
[BlackElo "2008"]
[PlyCount "71"]
[EventDate "1995.??.??"]

1. e4 d6 2. d4 Nf6 3. Nc3 g6 4. f4 Bg7 5. Nf3 O-O 6. Bd3 Na6 7. O-O c5 8. d5
Bg4 9. a3 Nc7 10. h3 Bxf3 11. Qxf3 e6 12. Bd2 Rb8 13. g4 exd5 14. exd5 b5 15.
f5 Nd7 16. g5 Bd4+ 17. Kh1 Ne5 18. Qg3 Nxd3 19. Qxd3 Be5 20. fxg6 hxg6 21. Ne4
c4 22. Qf3 Nxd5 23. c3 Qe7 24. Rae1 Kg7 25. Nf6 Nxf6 26. Rxe5 Qxe5 27. gxf6+
Kh7 28. Rg1 Rbe8 29. Rg4 Qe2 30. Rh4+ Kg8 31. Qxe2 Rxe2 32. Bh6 Rfe8 33. Bg7
Re1+ 34. Kg2 R8e2+ 35. Kf3 Re3+ 36. Kf2 1/2-1/2

[Event "XXVII C.to Italiano a squadre A2"]
[Site "ITA"]
[Date "1995.??.??"]
[Round "?"]
[White "Paganelli, Roberto"]
[Black "Rago, Riccardo"]
[Result "1/2-1/2"]
[WhiteElo "1912"]
[BlackElo "2225"]
[PlyCount "83"]
[EventDate "1995.??.??"]

1. e4 c5 2. Nf3 Nc6 3. d4 cxd4 4. Nxd4 Nf6 5. Nc3 e5 6. Ndb5 d6 7. Bg5 a6 8.
Na3 b5 9. Bxf6 gxf6 10. Nd5 f5 11. exf5 Bxf5 12. c3 Bg7 13. Nc2 O-O 14. Nce3
Be6 15. Bd3 f5 16. Qh5 e4 17. Bc2 b4 18. O-O Ne7 19. Nxe7+ Qxe7 20. g4 bxc3 21.
bxc3 Bxc3 22. Rad1 Kh8 23. gxf5 Bxa2 24. Kh1 Qe5 25. Qh3 Rac8 26. Ba4 d5 27.
Bd7 Rc7 28. Be6 Bb3 29. Rc1 Bc4 30. Nxc4 Rxc4 31. Rg1 Rc7 32. Qg4 h6 33. Qg6
Qf6 34. Bxd5 Qxf5 35. Qxh6+ Rh7 36. Qxf8+ Qxf8 37. Rg8+ Qxg8 38. Bxg8 Kxg8 39.
Rxc3 Re7 40. Rc6 e3 41. fxe3 Rxe3 42. Rxa6 1/2-1/2

[Event "XXVII C.to Italiano a squadre A2"]
[Site "ITA"]
[Date "1995.??.??"]
[Round "?"]
[White "Pangrazzi, Marco"]
[Black "Mascellani, Marco"]
[Result "0-1"]
[WhiteElo "2250"]
[BlackElo "1857"]
[PlyCount "52"]
[EventDate "1995.??.??"]

1. c4 Nf6 2. Nc3 e6 3. e4 d5 4. e5 Nfd7 5. d4 dxc4 6. Bxc4 Nb6 7. Bb3 c5 8. Nf3
Nc6 9. Bg5 Be7 10. dxc5 Nd7 11. Bxe7 Qxe7 12. O-O O-O 13. Qe2 Nxc5 14. Bc2 b6
15. Rfe1 Ba6 16. Qe3 Nb4 17. Bb1 Rad8 18. Ne4 Bd3 19. Nd4 Bxb1 20. Raxb1 Qd7
21. Rbd1 Ncd3 22. Qg5 Qxd4 23. Nf6+ Kh8 24. Re3 Qf4 25. Rh3 gxf6 26. Qh5 Qf5
0-1

[Event "XXVII C.to Italiano a squadre A2"]
[Site "ITA"]
[Date "1995.??.??"]
[Round "?"]
[White "Pastres, Roberto"]
[Black "Crispi, Guido"]
[Result "0-1"]
[WhiteElo "2220"]
[BlackElo "2005"]
[PlyCount "62"]
[EventDate "1995.??.??"]

1. d4 Nf6 2. c4 c5 3. d5 d6 4. Nc3 g6 5. e4 Bg7 6. f3 O-O 7. Bg5 Na6 8. Qd2 Re8
9. Bd3 Nc7 10. Nge2 a6 11. O-O Rb8 12. Rae1 b5 13. f4 bxc4 14. Bxc4 h6 15. Bh4
Nb5 16. e5 Nh7 17. e6 f5 18. g4 Nd4 19. Ng3 Bb7 20. gxf5 gxf5 21. Nh5 Kh8 22.
Nxg7 Rg8 23. Kh1 Rxg7 24. Qd1 Qb6 25. b3 Qb4 26. Qd3 Rbg8 27. Bf2 Nf6 28. Bxd4
cxd4 29. Qxd4 Qa3 30. Bd3 Qb2 31. Rg1 Bxd5+ 0-1

[Event "XXVII C.to Italiano a squadre A2"]
[Site "ITA"]
[Date "1995.??.??"]
[Round "?"]
[White "Patelli, Alessandro"]
[Black "Albano, Marco"]
[Result "1-0"]
[WhiteElo "2205"]
[BlackElo "2230"]
[PlyCount "63"]
[EventDate "1995.??.??"]

1. d4 Nf6 2. c4 e6 3. Nc3 Bb4 4. f3 c5 5. d5 b5 6. e4 bxc4 7. Bxc4 exd5 8. Bxd5
Nxd5 9. Qxd5 Nc6 10. Nge2 Ba6 11. Be3 O-O 12. a3 Bxe2 13. Kxe2 Ne7 14. Qd3 Bxc3
15. Qxc3 d6 16. Rhd1 Ng6 17. Kf1 f5 18. Bxc5 fxe4 19. Bxd6 Rf7 20. Bg3 Qf8 21.
Qc4 exf3 22. Rd7 Qe8 23. Rxf7 fxg2+ 24. Kxg2 Qxf7 25. Qxf7+ Kxf7 26. Rc1 Ne7
27. Rc7 Ke6 28. Kf3 h5 29. Ke4 g5 30. Bf2 Rf8 31. Rxe7+ Kxe7 32. Bc5+ 1-0

[Event "XXVII C.to Italiano a squadre A2"]
[Site "ITA"]
[Date "1995.??.??"]
[Round "?"]
[White "Patelli, Alessandro"]
[Black "Djuric, Stefan"]
[Result "1/2-1/2"]
[WhiteElo "2205"]
[BlackElo "2460"]
[PlyCount "105"]
[EventDate "1995.??.??"]

1. d4 Nf6 2. c4 g6 3. Nc3 Bg7 4. e4 O-O 5. Be2 d6 6. Nf3 Bg4 7. Ng1 Bc8 8. Nf3
c5 9. dxc5 Qa5 10. O-O Qxc5 11. Be3 Qa5 12. Nd4 Nc6 13. Nb3 Qc7 14. Rc1 b6 15.
f3 Bb7 16. Qd2 Rfd8 17. Rfd1 Rac8 18. Nd5 Qb8 19. Bg5 Ba6 20. g4 Re8 21. Nb4
Nxb4 22. Qxb4 Nd7 23. Na1 Ne5 24. b3 Nc6 25. Qd2 Nd4 26. Nc2 Nxe2+ 27. Qxe2 b5
28. Nb4 bxc4 29. Nxa6 Qb6+ 30. Be3 Qxa6 31. Rxc4 Rxc4 32. bxc4 Qa3 33. Rd3 Qa4
34. c5 dxc5 35. Bxc5 Be5 36. Qd2 Kg7 37. Bd4 Bxd4+ 38. Rxd4 Qc6 39. Qa5 Qf6 40.
Rd3 Rc8 41. Qd2 Qa1+ 42. Kg2 Rc1 43. Qf2 e5 44. Rd2 Qc3 45. g5 h6 46. h4 hxg5
47. hxg5 Ra1 48. Rc2 Qd3 49. Rd2 Qb1 50. Kg3 Qb4 51. Qh2 Qe7 52. Kg4 Qe6+ 53.
Kg3 1/2-1/2

[Event "XXVII C.to Italiano a squadre A2"]
[Site "ITA"]
[Date "1995.??.??"]
[Round "?"]
[White "Pegorari, Pietro"]
[Black "Basta, Giancarlo"]
[Result "1-0"]
[WhiteElo "2011"]
[BlackElo "1782"]
[PlyCount "73"]
[EventDate "1995.??.??"]

1. c4 Nf6 2. Nc3 e6 3. g3 d5 4. cxd5 exd5 5. d4 c6 6. Bg2 Bd6 7. Nf3 Qc7 8. O-O
Bf5 9. Nh4 Bg4 10. Qd3 O-O 11. Bg5 Nbd7 12. Rac1 Qb6 13. b3 h6 14. Be3 Rfe8 15.
h3 Be6 16. Nf3 Re7 17. Ne5 Rae8 18. f4 Nf8 19. Kh2 N6h7 20. f5 Bc8 21. Bf4 Qd8
22. e4 dxe4 23. Bxe4 Nf6 24. Qf3 Nxe4 25. Nxe4 Bxe5 26. dxe5 Rxe5 27. Bxe5 Rxe5
28. Rcd1 Qa5 29. Nd6 Bd7 30. f6 g6 31. Rf2 h5 32. Qf4 g5 33. Qf3 g4 34. Qf4 h4
35. Nc4 hxg3+ 36. Qxg3 Ng6 37. Nxa5 1-0

[Event "XXVII C.to Italiano a squadre A2"]
[Site "ITA"]
[Date "1995.??.??"]
[Round "?"]
[White "Piantoni, Roberto"]
[Black "Barberi, Alessandro"]
[Result "1-0"]
[WhiteElo "2067"]
[BlackElo "2032"]
[PlyCount "79"]
[EventDate "1995.??.??"]

1. d4 Nf6 2. Nf3 g6 3. e3 Bg7 4. Be2 O-O 5. O-O d5 6. Nbd2 c5 7. c3 b6 8. b4
Nbd7 9. a4 Qc7 10. bxc5 bxc5 11. Ba3 Re8 12. c4 dxc4 13. Nxc4 Bb7 14. Rc1 Ne4
15. Ncd2 Red8 16. Nxe4 Bxe4 17. Ng5 Bb7 18. Qb3 e6 19. dxc5 Bd5 20. Qc2 h6 21.
Ne4 Bf8 22. Bf3 Rac8 23. Rfd1 f5 24. Nd2 Nxc5 25. Bxd5 Rxd5 26. Nf3 Rcd8 27.
Rxd5 Rxd5 28. Qc4 Qd7 29. Nd4 Kf7 30. h3 Nxa4 31. Bxf8 Kxf8 32. Nxe6+ Ke7 33.
Nf4 Rc5 34. Qb4 Qd6 35. Rxc5 Nxc5 36. Nxg6+ Kf6 37. Nf4 Ne4 38. Qb2+ Kf7 39.
Qa2+ Ke8 40. Qg8+ 1-0

[Event "XXVII C.to Italiano a squadre A2"]
[Site "ITA"]
[Date "1995.??.??"]
[Round "?"]
[White "Piantoni, Roberto"]
[Black "Bianco, Valerio"]
[Result "1-0"]
[WhiteElo "2067"]
[BlackElo "2200"]
[PlyCount "61"]
[EventDate "1995.??.??"]

1. d4 d6 2. e3 e5 3. Nf3 Qe7 4. Be2 g6 5. O-O Bg7 6. c4 Nf6 7. Nc3 O-O 8. b4
Bg4 9. a4 e4 10. Nd2 Bxe2 11. Qxe2 Nbd7 12. Ba3 c6 13. Ra2 Qe6 14. Rd1 Rfc8 15.
Nb3 d5 16. c5 h5 17. b5 Nh7 18. Na5 cxb5 19. axb5 b6 20. Nc6 bxc5 21. Nxd5 Bf8
22. dxc5 Nxc5 23. Nf4 Qe8 24. Nxg6 fxg6 25. Bxc5 Bxc5 26. Qc4+ Qf7 27. Qxc5
Qxa2 28. Ne7+ Kg7 29. Nxc8 Qb3 30. Qc7+ Kh6 31. Qf4+ 1-0

[Event "XXVII C.to Italiano a squadre A2"]
[Site "ITA"]
[Date "1995.??.??"]
[Round "?"]
[White "Pieri, Filippo"]
[Black "Ciancarini, Paolo"]
[Result "1-0"]
[WhiteElo "2230"]
[BlackElo "1977"]
[PlyCount "33"]
[EventDate "1995.??.??"]

1. e4 c5 2. Nf3 d6 3. d4 cxd4 4. Nxd4 Nf6 5. Nc3 a6 6. Bc4 e6 7. Bb3 b5 8. O-O
b4 9. Na4 Nxe4 10. f4 Nc5 11. f5 Nxb3 12. cxb3 e5 13. Ne6 fxe6 14. Qh5+ Kd7 15.
fxe6+ Kc6 16. Bg5 Qa5 17. Rac1+ 1-0

[Event "XXVII C.to Italiano a squadre A2"]
[Site "ITA"]
[Date "1995.??.??"]
[Round "?"]
[White "Racioppo, Paolo"]
[Black "Salvetti, Alec"]
[Result "0-1"]
[WhiteElo "2132"]
[BlackElo "2295"]
[PlyCount "106"]
[EventDate "1995.??.??"]

1. e4 c5 2. Nf3 Nc6 3. d3 d6 4. g3 g6 5. Bg2 Bg7 6. O-O Bd7 7. c3 Nf6 8. Re1
Ne5 9. Nxe5 dxe5 10. a4 O-O 11. Nd2 Bg4 12. f3 Be6 13. Qe2 Qd7 14. Nc4 Bxc4 15.
dxc4 Rfd8 16. Be3 b6 17. a5 Qc6 18. b4 Ne8 19. Red1 Rxd1+ 20. Rxd1 Nd6 21. bxc5
bxc5 22. Rd5 Nb7 23. Qd2 e6 24. Rd7 Nxa5 25. Rd6 Qe8 26. Bf1 Bf8 27. Ra6 Nc6
28. Qa2 Qd7 29. Qa3 Nd4 30. cxd4 cxd4 31. Qd3 Qc8 32. c5 dxe3 33. c6 Bc5 34.
Kg2 Bd4 35. f4 Rb8 36. fxe5 Rb2+ 37. Be2 Rd2 38. Qc4 Qc7 39. Ra3 Kg7 40. Rb3
Qxe5 41. c7 Rxe2+ 42. Qxe2 Qxc7 43. Rb4 Qe5 44. Qd3 Bb6 45. Rb1 h5 46. Rf1 Qb2+
47. Kh3 Qd2 48. Qxd2 exd2 49. Kg2 Bd4 50. Kf3 a5 51. Ke2 a4 52. Kxd2 a3 53. Kd3
e5 0-1

[Event "XXVII C.to Italiano a squadre A2"]
[Site "ITA"]
[Date "1995.??.??"]
[Round "?"]
[White "Racioppo, Paolo"]
[Black "Tosi, Marco"]
[Result "1/2-1/2"]
[WhiteElo "2132"]
[BlackElo "1830"]
[PlyCount "22"]
[EventDate "1995.??.??"]

1. e4 e6 2. d4 d5 3. Nc3 Bb4 4. e5 c5 5. a3 Bxc3+ 6. bxc3 Ne7 7. Qg4 O-O 8. Nf3
Nbc6 9. Bd3 f5 10. exf6 Rxf6 11. Bg5 Rf7 1/2-1/2

[Event "XXVII C.to Italiano a squadre A2"]
[Site "ITA"]
[Date "1995.??.??"]
[Round "?"]
[White "Rigamonti, Stefano"]
[Black "Burlando, Alessandro"]
[Result "0-1"]
[WhiteElo "1785"]
[BlackElo "2112"]
[PlyCount "104"]
[EventDate "1995.??.??"]

1. e4 e6 2. d4 d5 3. Nd2 Nf6 4. e5 Nfd7 5. Bd3 c5 6. c3 Nc6 7. Ne2 cxd4 8. cxd4
f6 9. exf6 Nxf6 10. Nf3 Bd6 11. Bf4 Bxf4 12. Nxf4 O-O 13. O-O Qd6 14. Ne2 Bd7
15. Ng3 g6 16. h4 Qf4 17. Qc1 Ng4 18. Ne2 Qd6 19. Ng3 Rf4 20. Qc5 Qxc5 21. dxc5
e5 22. Ng5 e4 23. Bc2 Nd4 24. Bxe4 dxe4 25. Rad1 Bb5 26. Rxd4 Bxf1 27. Nh3 Rf7
28. Kxf1 Nxf2 29. Nxf2 e3 30. Nge4 Re8 31. b4 Rf4 32. g3 Rf7 33. b5 exf2 34. c6
bxc6 35. bxc6 Rb8 36. Rd1 Rb6 37. Nd6 Rc7 38. Ne8 Rcxc6 39. Rd8 Kf8 40. Kxf2
Rb2+ 41. Kf3 Rxa2 42. g4 Rc3+ 43. Kf4 Ra4+ 44. Kg5 Rc5+ 45. Kh6 Rxg4 46. Nd6+
Ke7 47. Nb7 Rxh4+ 48. Kg7 Rc7 49. Rb8 Rb4 50. Kxh7 Kf6+ 51. Kg8 Rg7+ 52. Kf8
Rh4 0-1

[Event "XXVII C.to Italiano a squadre A2"]
[Site "ITA"]
[Date "1995.??.??"]
[Round "?"]
[White "Rigamonti, Stefano"]
[Black "Profumo, Alberto"]
[Result "0-1"]
[WhiteElo "1785"]
[BlackElo "2127"]
[PlyCount "64"]
[EventDate "1995.??.??"]

1. e4 c6 2. d4 d5 3. Nd2 dxe4 4. Nxe4 Bf5 5. Ng3 Bg6 6. Nf3 Nd7 7. h4 h6 8. h5
Bh7 9. Bd3 Bxd3 10. Qxd3 e6 11. Bd2 Ngf6 12. O-O-O Qc7 13. Ne4 O-O-O 14. c4 c5
15. Kb1 cxd4 16. Nxf6 Nxf6 17. Nxd4 Bc5 18. Bc3 Qf4 19. Qe3 Qe4+ 20. Kc1 Rd7
21. Qg3 Bxd4 22. Rh4 Be3+ 23. fxe3 Rxd1+ 24. Kxd1 Rd8+ 25. Kc1 Qd3 26. Qe1 Ne4
27. Bxg7 Kb8 28. Bxh6 Qxc4+ 29. Kb1 Qd3+ 30. Kc1 Rc8+ 31. Qc3 Qd2+ 32. Kb1 Qd1+
0-1

[Event "XXVII C.to Italiano a squadre A2"]
[Site "ITA"]
[Date "1995.??.??"]
[Round "?"]
[White "Rivello, Roberto"]
[Black "Barberi, Alessandro"]
[Result "1/2-1/2"]
[WhiteElo "2265"]
[BlackElo "2032"]
[PlyCount "24"]
[EventDate "1995.??.??"]

1. e4 c5 2. Nf3 d6 3. Bb5+ Nd7 4. d4 Ngf6 5. Nc3 cxd4 6. Qxd4 e6 7. Bg5 Be7 8.
e5 dxe5 9. Nxe5 O-O 10. Nxd7 Bxd7 11. Bxf6 Bxf6 12. Qxd7 Qb6 1/2-1/2

[Event "XXVII C.to Italiano a squadre A2"]
[Site "ITA"]
[Date "1995.??.??"]
[Round "?"]
[White "Rivello, Roberto"]
[Black "Bianco, Valerio"]
[Result "1-0"]
[WhiteElo "2265"]
[BlackElo "2200"]
[PlyCount "115"]
[EventDate "1995.??.??"]

1. e4 d6 2. d4 Nf6 3. Nc3 g6 4. Be3 c6 5. Qd2 b5 6. f3 Nbd7 7. g4 Nb6 8. b3 Bg7
9. Nge2 h5 10. g5 Nfd7 11. Rd1 Bb7 12. Bg2 Qc7 13. O-O a6 14. f4 c5 15. dxc5
dxc5 16. Nd5 Nxd5 17. exd5 O-O-O 18. c4 b4 19. d6 Qxd6 20. Qxd6 exd6 21. Rxd6
Bxg2 22. Kxg2 Kc7 23. Rxa6 Ra8 24. Rxa8 Rxa8 25. Nc1 Bb2 26. Nd3 Bc3 27. Rf2
Kc6 28. Kf3 Re8 29. Re2 Re6 30. Rc2 Bg7 31. a4 bxa3 32. Ra2 Bb2 33. Nxb2 axb2
34. Rxb2 Nb6 35. Ra2 Re7 36. Ra5 Nd7 37. Ra6+ Kb7 38. Ra5 Kc6 39. Rb5 Re8 40.
b4 cxb4 41. Rxb4 Ra8 42. Rb2 Ra1 43. Ke4 Ra4 44. Rc2 Nc5+ 45. Bxc5 Kxc5 46. Ke5
Ra6 47. f5 gxf5 48. Kxf5 Rd6 49. Re2 Rd1 50. Rf2 Rg1 51. Rf4 Ra1 52. Kf6 Ra7
53. Kg7 Kd6 54. Rxf7 Ra4 55. g6 Rxc4 56. Kh6 Rg4 57. g7 Ke6 58. Rf8 1-0

[Event "XXVII C.to Italiano a squadre A2"]
[Site "ITA"]
[Date "1995.??.??"]
[Round "?"]
[White "Rivello, Roberto"]
[Black "Piantoni, Roberto"]
[Result "1-0"]
[WhiteElo "2265"]
[BlackElo "2067"]
[PlyCount "87"]
[EventDate "1995.??.??"]

1. e4 e6 2. d4 d5 3. Nd2 Nf6 4. e5 Nfd7 5. c3 c5 6. Bd3 Nc6 7. Ne2 cxd4 8. cxd4
f6 9. exf6 Nxf6 10. O-O Bd6 11. Nf3 O-O 12. Bg5 Bd7 13. Ng3 Qb6 14. Rc1 Kh8 15.
Bb1 Ng4 16. Nh4 e5 17. Nhf5 Nxd4 18. Qxg4 g6 19. Be3 gxf5 20. Bxf5 Rg8 21. Qh4
Rg7 22. Bxd7 Rxd7 23. Qf6+ Kg8 24. Bxd4 exd4 25. Qe6+ Rf7 26. Qxd5 Bf4 27. Rc5
Rd8 28. Qc4 Qg6 29. Nf5 Qf6 30. g3 Bb8 31. Rc8 Rxc8 32. Qxc8+ Rf8 33. Qc4+ Kh8
34. Nxd4 Be5 35. Ne2 Bxb2 36. Nf4 Be5 37. Rb1 b6 38. Nd3 Bd4 39. Rf1 h5 40. Nf4
h4 41. Ng6+ Kg7 42. Nxf8 Kxf8 43. Qc8+ Kg7 44. Qg4+ 1-0

[Event "XXVII C.to Italiano a squadre A2"]
[Site "ITA"]
[Date "1995.??.??"]
[Round "?"]
[White "Rosino, Antonio"]
[Black "Mocchi, Tullio"]
[Result "1/2-1/2"]
[WhiteElo "2320"]
[BlackElo "2023"]
[PlyCount "115"]
[EventDate "1995.??.??"]

1. e4 d6 2. d4 Nd7 3. Nf3 e5 4. Bc4 c6 5. Nc3 Be7 6. a4 h6 7. h3 Ngf6 8. O-O
O-O 9. Bb3 Qc7 10. Qe2 a5 11. Be3 Nh7 12. Rad1 Bf6 13. dxe5 dxe5 14. Nd2 b6 15.
Rfe1 Ba6 16. Bc4 Bb7 17. Nf1 Bg5 18. Bxg5 hxg5 19. Ne3 g6 20. Ng4 Kg7 21. Rd2
Nc5 22. Red1 Bc8 23. Rd6 Nb7 24. R6d2 Bxg4 25. Qxg4 Nc5 26. Qg3 f6 27. b3 Rfd8
28. Qe3 Nb7 29. g3 Rxd2 30. Rxd2 Rd8 31. Kf1 Rxd2 32. Qxd2 Qd6 33. Ke2 Nf8 34.
Ba6 Qxd2+ 35. Kxd2 Nd6 36. Ke3 Ne6 37. Ne2 Kf8 38. Bd3 Ke7 39. c3 Nc5 40. Bc2
Ndb7 41. Nc1 Kd6 42. Bd3 Kc7 43. f3 Nd6 44. Bc2 Ndb7 45. Bd3 Nd6 46. Bc2 Kb7
47. Bd3 Ka7 48. Bc2 Ka6 49. b4 Ncb7 50. Bd3+ Ka7 51. Nb3 axb4 52. cxb4 c5 53.
bxc5 Nxc5 54. Nxc5 bxc5 55. Kd2 Kb6 56. Kc3 Ka5 57. Kb3 Kb6 58. Kc3 1/2-1/2

[Event "XXVII C.to Italiano a squadre A2"]
[Site "ITA"]
[Date "1995.??.??"]
[Round "?"]
[White "Rosino, Antonio"]
[Black "Negrini, Claudio"]
[Result "0-1"]
[WhiteElo "2320"]
[BlackElo "2315"]
[PlyCount "107"]
[EventDate "1995.??.??"]

1. e4 e5 2. Nf3 Nc6 3. Nc3 f5 4. d4 fxe4 5. Nxe5 Nf6 6. Bg5 Bb4 7. Bc4 d5 8.
Bxf6 Qxf6 9. Bxd5 Nxe5 10. dxe5 Qxe5 11. O-O c6 12. f4 Qe7 13. Bxe4 O-O 14. Qh5
Bf5 15. Bxf5 Qc5+ 16. Kh1 Rxf5 17. Qf3 Bxc3 18. bxc3 Raf8 19. g3 Qd5 20. Qxd5+
Rxd5 21. Kg2 Rc5 22. Rab1 b5 23. Rb3 Rd8 24. Rf2 a5 25. a4 bxa4 26. Ra3 Rc4 27.
Re2 Kf7 28. Kf3 Kf6 29. h3 Rd1 30. Re5 Rd5 31. Re4 Rdc5 32. Re3 Rh5 33. h4 Rhc5
34. Rd3 Rd5 35. Ke3 Kf5 36. Rd4 Rdxd4 37. cxd4 Rxc2 38. Rxa4 Rc3+ 39. Kf2 Rc2+
40. Kf3 Rc3+ 41. Kf2 Kg4 42. Rxa5 Rf3+ 43. Ke2 Rxg3 44. Rc5 Kxf4 45. Rxc6 Ke4
46. Kf2 Rg4 47. h5 h6 48. Rd6 Rg5 49. Rd7 Kf4 50. d5 Ke4 51. d6 Ke5 52. Rd8 Ke6
53. Kf3 Rxh5 54. Kg4 0-1

[Event "XXVII C.to Italiano a squadre A2"]
[Site "ITA"]
[Date "1995.??.??"]
[Round "?"]
[White "Rosino, Antonio"]
[Black "Tamai, Roberto"]
[Result "0-1"]
[WhiteElo "2320"]
[BlackElo "2305"]
[PlyCount "128"]
[EventDate "1995.??.??"]

1. e4 b6 2. d4 Bb7 3. Nc3 e6 4. a3 g6 5. Nf3 Bg7 6. Bd3 Ne7 7. Be3 d6 8. Qd2 h6
9. O-O-O Nd7 10. Rhe1 a6 11. d5 e5 12. Ng1 Nc5 13. f4 exf4 14. Bxf4 g5 15. Be3
Ng6 16. Nf3 Qd7 17. Nd4 O-O-O 18. Nb3 Na4 19. Nxa4 Qxa4 20. Qb4 Qxb4 21. axb4
Rde8 22. Bd4 Be5 23. Rf1 Rh7 24. g3 Kb8 25. Rf2 Bc8 26. Kd2 h5 27. Rdf1 h4 28.
Bxe5 Nxe5 29. Nd4 hxg3 30. hxg3 Re7 31. Ra1 Rh3 32. Rg2 b5 33. b3 Kb7 34. c4
Kb6 35. cxb5 axb5 36. Bxb5 g4 37. Be2 Re8 38. Rf1 Bd7 39. Ra1 Bc8 40. Ke3 Ng6
41. Rf1 f5 42. Nxf5 Bxf5 43. Rxf5 Nh4 44. Rff2 Nxg2+ 45. Rxg2 Rg8 46. Kf4 Rh1
47. Rf2 Rf8+ 48. Ke3 Rxf2 49. Kxf2 Rh2+ 50. Kf1 Rh8 51. Kf2 Rh2+ 52. Kf1 Rh8
53. Kg2 Re8 54. Bd3 Rf8 55. Be2 Re8 56. Bxg4 Rxe4 57. Bf3 Rxb4 58. g4 Kc5 59.
g5 Kd4 60. Kg3 Ke5 61. Bg4 Rxb3+ 62. Kh4 Kf4 63. g6 Rg3 64. Bh5 Rg1 0-1

[Event "XXVII C.to Italiano a squadre A2"]
[Site "ITA"]
[Date "1995.??.??"]
[Round "?"]
[White "Rossi, Paolo"]
[Black "Zurla, Mirko"]
[Result "1-0"]
[WhiteElo "2041"]
[BlackElo "2220"]
[PlyCount "121"]
[EventDate "1995.??.??"]

1. e4 c6 2. d4 d5 3. exd5 cxd5 4. Bd3 Nc6 5. c3 Nf6 6. h3 e5 7. dxe5 Nxe5 8.
Nf3 Nxd3+ 9. Qxd3 Be7 10. Be3 O-O 11. Nbd2 Bd7 12. Ne5 Be6 13. O-O Qc7 14. Bd4
Rfe8 15. Rfe1 Bd6 16. Nef3 Nd7 17. Ng5 Nf8 18. Rad1 Re7 19. Nxe6 fxe6 20. Nf3
Ng6 21. Qb5 Qc6 22. Qxc6 bxc6 23. Ne5 Nxe5 24. Bxe5 Bc5 25. Kf1 Rb7 26. b3 Kf7
27. Rd3 Be7 28. Rde3 Re8 29. Ke2 c5 30. Kd3 Bf6 31. Rf3 Ke7 32. Rfe3 Bxe5 33.
Rxe5 Kd6 34. f4 Rf7 35. f5 Rf6 36. b4 cxb4 37. cxb4 Rb8 38. Rxe6+ Rxe6 39.
Rxe6+ Kd7 40. a3 a5 41. bxa5 Rb3+ 42. Kd4 Rxa3 43. a6 Ra5 44. Rb6 Ke7 45. g4 h6
46. Ke5 Kd7 47. Rg6 Ke8 48. Rxg7 Rxa6 49. Rg6 Ra5 50. Rxh6 Kf7 51. h4 Kg7 52.
Rg6+ Kh7 53. h5 Rb5 54. Rd6 d4+ 55. Ke6 Kh6 56. Rxd4 Kg5 57. f6 Rb6+ 58. Rd6
Rb8 59. f7 Kh6 60. Ke7+ Kg7 61. f8=Q+ 1-0

[Event "XXVII C.to Italiano a squadre A2"]
[Site "ITA"]
[Date "1995.??.??"]
[Round "?"]
[White "Sabatini, Mario"]
[Black "Beggi, Pierluigi"]
[Result "1/2-1/2"]
[WhiteElo "1997"]
[BlackElo "2220"]
[PlyCount "95"]
[EventDate "1995.??.??"]

1. d4 Nf6 2. c4 g6 3. Nc3 Bg7 4. e4 d6 5. Be2 O-O 6. Bg5 Nbd7 7. Qd2 c5 8. d5
a6 9. Nf3 b5 10. cxb5 axb5 11. Bxb5 Ba6 12. Bxa6 Rxa6 13. O-O Qa5 14. Rfe1 Qb4
15. e5 dxe5 16. Nxe5 Nxe5 17. Rxe5 h6 18. Be3 c4 19. a3 Qd6 20. Bf4 Nh5 21. Re4
Nxf4 22. Qxf4 Qxf4 23. Rxf4 Rc8 24. g3 Rb6 25. Ra2 Bxc3 26. bxc3 Rb3 27. Rf3
Rb1+ 28. Kg2 Rd1 29. Re2 Rc7 30. Re4 Rxd5 31. Rfe3 Kf8 32. Re5 e6 33. Kf3 Rxe5
34. Rxe5 Ra7 35. Rc5 Ra4 36. h4 Ke7 37. Ke3 Rxa3 38. Rxc4 Kd6 39. Kd3 Ra2 40.
Rd4+ Kc5 41. Rc4+ Kd6 42. Rf4 f5 43. Rd4+ Kc6 44. Rc4+ Kd6 45. Ke3 Rc2 46. f4
Rg2 47. Kf3 Rc2 48. Rc8 1/2-1/2

[Event "XXVII C.to Italiano a squadre A2"]
[Site "ITA"]
[Date "1995.??.??"]
[Round "?"]
[White "Sabatini, Mario"]
[Black "Paganelli, Roberto"]
[Result "1-0"]
[WhiteElo "1997"]
[BlackElo "1912"]
[PlyCount "86"]
[EventDate "1995.??.??"]

1. d4 Nf6 2. Nf3 g6 3. c4 Bg7 4. Nc3 O-O 5. e4 d6 6. Bg5 h6 7. Bh4 Nbd7 8. Be2
c6 9. O-O Qe8 10. e5 dxe5 11. dxe5 Nh7 12. Bg3 f5 13. exf6 Nhxf6 14. Ne5 Ne4
15. Nxe4 Nxe5 16. Qb3 Kh7 17. Rad1 Bf5 18. Nc5 b6 19. Nd3 Nxd3 20. Bxd3 Bxd3
21. Rxd3 Rd8 22. Rfd1 Rxd3 23. Rxd3 c5 24. Re3 Bd4 25. Re2 Qf7 26. Qd3 e5 27.
b3 Qf5 28. Qe4 Rf7 29. Kf1 Rd7 30. f3 Qxe4 31. Rxe4 g5 32. h4 Kg6 33. Be1 Kf6
34. Ke2 a6 35. Bd2 Rg7 36. hxg5+ hxg5 37. Rg4 Kf5 38. Kd3 Rg8 39. a4 Rg7 40.
Ke2 Rg8 41. Kf1 Rg7 42. g3 Rg8 43. Kg2 a5 1-0

[Event "XXVII C.to Italiano a squadre A2"]
[Site "ITA"]
[Date "1995.??.??"]
[Round "?"]
[White "Sacchini, Marco"]
[Black "De Vita, Igor"]
[Result "0-1"]
[WhiteElo "2047"]
[BlackElo "2140"]
[PlyCount "122"]
[EventDate "1995.??.??"]

1. d4 Nf6 2. c4 e6 3. Nf3 b6 4. a3 Ba6 5. Qc2 Bb7 6. Nc3 c5 7. e4 cxd4 8. Nxd4
d6 9. Be2 Be7 10. O-O O-O 11. Be3 Nbd7 12. f4 Rc8 13. Rad1 Qc7 14. Kh1 Qb8 15.
b4 Qa8 16. Bd3 a6 17. Bc1 Rc7 18. Bb2 Rfc8 19. Qe2 b5 20. Ndxb5 axb5 21. Nxb5
Nxe4 22. Nxc7 Rxc7 23. Rf3 Bf6 24. Re3 Bxb2 25. Qxb2 Ndf6 26. Rde1 d5 27. c5
Ng4 28. R3e2 Qd8 29. Bxe4 dxe4 30. Qc3 e3 31. h3 Qh4 32. Kg1 Nf6 33. Qxe3 Nd5
34. Qe5 Qxf4 35. Qxf4 Nxf4 36. Rd2 Bd5 37. Kh2 Ra7 38. Re3 Rb7 39. g3 Ng6 40.
Rb2 Bc6 41. Rd3 Kf8 42. Rd6 Ne5 43. Rd1 Ke7 44. g4 Nc4 45. Rb3 Ba4 46. c6 Rc7
47. Rc3 Bxd1 48. Rxc4 Ba4 49. Rc5 Rxc6 50. Ra5 Rc2+ 51. Kg1 Bc6 52. a4 Rg2+ 53.
Kf1 Rh2 54. b5 Bg2+ 55. Ke1 f5 56. Ra7+ Kf6 57. g5+ Kxg5 58. Rxg7+ Kf4 59. Rxh7
Ke3 60. Kd1 Be4 61. Rc7 f4 0-1

[Event "XXVII C.to Italiano a squadre A2"]
[Site "ITA"]
[Date "1995.??.??"]
[Round "?"]
[White "Sacchini, Marco"]
[Black "Gueci, Riccardo"]
[Result "1/2-1/2"]
[WhiteElo "2047"]
[BlackElo "2175"]
[PlyCount "85"]
[EventDate "1995.??.??"]

1. d4 Nf6 2. c4 g6 3. Nc3 Bg7 4. Nf3 O-O 5. g3 d6 6. Bg2 Nbd7 7. O-O e5 8. Qc2
c6 9. Rd1 Qc7 10. b3 Re8 11. Bg5 h6 12. Bd2 Nf8 13. dxe5 dxe5 14. e4 Ne6 15.
Ne2 Nc5 16. Ne1 a5 17. f3 Be6 18. Be3 Bf8 19. Nd3 Nfd7 20. Nec1 Rad8 21. Bf1
Kh7 22. Nxc5 Nxc5 23. Nd3 Nxd3 24. Bxd3 c5 25. Rd2 Rd7 26. Rad1 Red8 27. Kf2 b6
28. Bf1 Be7 29. Rxd7 Rxd7 30. Rxd7 Qxd7 31. Qd2 Qxd2+ 32. Bxd2 f5 33. Bc3 Bf6
34. Bd3 Kg7 35. Ke2 f4 36. g4 Kf7 37. Be1 h5 38. gxh5 gxh5 39. h4 Bd7 40. a4
Bh3 41. Bf2 Bg2 42. Bc2 Be7 43. Bd1 1/2-1/2

[Event "XXVII C.to Italiano a squadre A2"]
[Site "ITA"]
[Date "1995.??.??"]
[Round "?"]
[White "Salvetti, Alec"]
[Black "Di Donna, Massimo"]
[Result "0-1"]
[WhiteElo "2295"]
[BlackElo "2230"]
[PlyCount "60"]
[EventDate "1995.??.??"]

1. d4 d5 2. c4 c6 3. cxd5 cxd5 4. Nc3 Nf6 5. Bf4 Nc6 6. e3 a6 7. Bd3 Bg4 8. Nf3
e6 9. h3 Bh5 10. Rc1 Bd6 11. Bxd6 Qxd6 12. O-O O-O 13. g4 Bg6 14. Bxg6 hxg6 15.
Kg2 Rfd8 16. Qd3 b5 17. g5 Nd7 18. e4 dxe4 19. Nxe4 Qd5 20. Qe3 Ne7 21. Nc3 Qd6
22. Rfd1 Rac8 23. a3 Nb6 24. Ne4 Qd5 25. Rxc8 Rxc8 26. Nc5 Nf5 27. Qf4 e5 28.
Qg4 Nc4 29. Kg1 Rxc5 30. Nxe5 Rc8 0-1